Learn to Speak and Write German (Record no. 2398)

MARC details
000 -LEADER
fixed length control field 00314nam a22001097a 4500
008 - FIXED-LENGTH DATA ELEMENTS--GENERAL INFORMATION
fixed length control field 160713b xxu||||| |||| 00| 0 eng d
100 ## - MAIN ENTRY--PERSONAL NAME
9 (RLIN) 2777
Personal name Learn to Speak and Write German
245 ## - TITLE STATEMENT
Title Learn to Speak and Write German
260 ## - PUBLICATION, DISTRIBUTION, ETC. (IMPRINT)
Place of publication, distribution, etc. N.D
Name of publisher, distributor, etc. Lotus
Date of publication, distribution, etc. 2005
300 ## - PHYSICAL DESCRIPTION
Extent Learn to Speak and Write German
942 ## - ADDED ENTRY ELEMENTS (KOHA)
Source of classification or shelving scheme Dewey Decimal Classification
Koha item type BOOK
Holdings
Withdrawn status Lost status Source of classification or shelving scheme Damaged status Not for loan Home library Current library Shelving location Date acquired Total Checkouts Full call number Barcode Date last seen Price effective from Koha item type
    Dewey Decimal Classification     Good Samaritan School Library Good Samaritan School Library German 07/13/2016   KHA430 B-6 KHA4003 07/13/2016 07/13/2016 Reference

Powered by Koha